000 00702nam a22002417a 4500
003 UA-OsUOA
001 118528
007 ta
008 20160909b un ||||| |||| 00| 0 ukr d
100 _aПрокопів Л. Я.
090 _a159.922.73
_bП80
942 _cBK
040 _aUA-OsUOA
_bukr
_cUA-OsUOA
_dUA-OsUOA
245 _aПсихокорекція гіперактивності у дошкільників
_bнавчально-методичний посібник
300 _a64 с.
955 _a2
041 _aukr
080 _a159.922.73
020 _a966-550-120-8
260 _aКоломия
_bВік
_c2015
650 7 _a159.9 Психологія
_2UDC
999 _c404607
_d404607